000 00740nam a2200217Ii 4500
003 JO-AjNU
008 230605s9999||||xx |||||||||||||| ||und||
017 _a2005/3/141
040 _aJO-AjNU
_bara
_erda
_cJO-AjNU
041 _aara
050 1 4 _aNC730.D376 2005
100 3 _aالدرايسة، محمد عبدالله تأليف,
_eauthor
_937338
245 0 0 _aالرسم الحر والزخرفة والخطوط
250 _aط1
264 3 1 _aعمان:مكتبة المجتمع العربي,2005
300 _a219ص
336 _atext
_btxt
_2rdacontent
337 _aunmediated
_bn
_2rdamedia
338 _avolume
_bnc
_2rdacarrier
650 4 _aالزخرفة- الخط العربي- اللغة العربية-الرسم
_937339
999 _aA15592
_c19160
_d19160